000 00373nam a22001457a 4500
008 250320b |||||||| |||| 00| 0 eng d
020 _a9780323712675
050 _aRC46
_b.E87
245 _aEssentials of human diseases and conditions
250 _a7th
260 _aMissouri
_bElsevier
_c2021
300 _axiv,738p
650 _aDiiseases
_vInternal Medicine
942 _cBK
999 _c2565
_d2565